| 000 | 00922nas a2200313 4500 | ||
|---|---|---|---|
| 001 | BR0808816 | ||
| 003 | BR-BrBNA | ||
| 005 | 20231205112557.0 | ||
| 007 | ta | ||
| 008 | 230509b bl.|||p| |||| 00| 00por d | ||
| 040 |
_aBR-BrBNA _bpor _cBiblioteca Nacional de Agricultura |
||
| 041 | _a(Pt) | ||
| 072 | _aL01 | ||
| 100 | 1 | _aSilva, D.C. da | |
| 100 | 1 | _aAzevedo, D.M.M.R. | |
| 100 | 1 | _aAlves, A.A. | |
| 100 | 1 | _aCampelo, J.E.G. | |
| 100 | 1 | _aOliveira, M.E. de | |
| 100 | 1 | _aMalhado, C.H.M. | |
| 245 | 1 | _aEstimativa do peso vivo através do perímetro torácico de ovinos Santa Inês | |
| 650 | _aOVINO | ||
| 650 | _aPESO | ||
| 650 | _aMETROLOGIA | ||
| 650 | _aCONDIÇÃO CORPORAL | ||
| 650 | _aSELEÇÃO | ||
| 773 | 0 |
_tRevista Científica de Produção Animal (Brazil) _xISSN 1415-563X _g(Jul-Dec 2006), v. 8(2) p. 41-46 _wBR0808816 |
|
| 909 |
_a202311 _bLúcia _c55 _dLúcia Elande |
||
| 942 |
_2AGRIS _n0 _cANA |
||
| 999 |
_c198763 _d198763 |
||